000 00466nam a2200157Ia 4500
003 GCL
008 140319s9999 xx 000 0 ara d
040 _aGCL /
_cGCL
082 0 4 _aط
_b813.02
_bع ج
100 1 _aعبداللطيف زيدان
245 1 0 _aالجراد القاتل /
_cعبداللطيف زيدان
490 _aمغامرات النينجا فى الشرق
_v0
650 0 4 _aالاطفال
650 0 4 _aقصص الاطفال
942 _2ddc
_cBK
999 _c44655
_d44655